MARC details
| 000 -LEADER |
| fixed length control field |
00771nam a22002535a 4500 |
| 001 - CONTROL NUMBER |
| control field |
002673 |
| 003 - CONTROL NUMBER IDENTIFIER |
| control field |
armpunfd |
| 005 - DATE AND TIME OF LATEST TRANSACTION |
| control field |
20140612090712.0 |
| 008 - FIXED-LENGTH DATA ELEMENTS--GENERAL INFORMATION |
| fixed length control field |
130429s2011####ag############000#0#und#d |
| 020 ## - INTERNATIONAL STANDARD BOOK NUMBER |
| International Standard Book Number |
9789871123827 |
| 040 ## - CATALOGING SOURCE |
| Original cataloging agency |
armpunfd |
| Transcribing agency |
armpunfd |
| 080 ## - UNIVERSAL DECIMAL CLASSIFICATION NUMBER |
| Universal Decimal Classification number |
340.1 C 338 |
| 100 1# - MAIN ENTRY--PERSONAL NAME |
| Personal name |
Cerutti, Maria del Carmen. |
| 245 10 - TITLE STATEMENT |
| Title |
Derecho de daños : |
| Remainder of title |
Analisis de algunos problemas conceptuales. |
| 260 ## - PUBLICATION, DISTRIBUTION, ETC. (IMPRINT) |
| Place of publication, distribution, etc |
Cordoba : |
| Name of publisher, distributor, etc |
Academia Nacional de Derecho y Ciencias Sociales de Cordoba, |
| Date of publication, distribution, etc |
2011. |
| 300 ## - PHYSICAL DESCRIPTION |
| Extent |
334 p. |
| 650 #7 - SUBJECT ADDED ENTRY--TOPICAL TERM |
| Topical term or geographic name as entry element |
abstencion causativa del daño |
| Source of heading or term |
LEMB |
| 650 #7 - SUBJECT ADDED ENTRY--TOPICAL TERM |
| Topical term or geographic name as entry element |
antijuricidad |
| Source of heading or term |
LEMB |
| 650 #7 - SUBJECT ADDED ENTRY--TOPICAL TERM |
| Topical term or geographic name as entry element |
daño injusto |
| Source of heading or term |
LEMB |
| 650 #7 - SUBJECT ADDED ENTRY--TOPICAL TERM |
| Topical term or geographic name as entry element |
deber de no dañar |
| Source of heading or term |
LEMB |
| 650 #7 - SUBJECT ADDED ENTRY--TOPICAL TERM |
| Topical term or geographic name as entry element |
derecho de daños |
| Source of heading or term |
LEMB |
| 942 ## - ADDED ENTRY ELEMENTS (KOHA) |
| Koha item type |
|
| Source of classification or shelving scheme |
|
| 945 ## - LOCAL PROCESSING INFORMATION (OCLC) |
| a |
sa |
| d |
2013-04-29 |